| 000 | 00474nam a2200145Ia 4500 | ||
|---|---|---|---|
| 008 | 221030s9999 xx 000 0 und d | ||
| 041 | _aEnglish | ||
| 082 | _a105.23 | ||
| 100 | _aMission 10 X Path Finder | ||
| 245 | 0 |
_aRequirement Modeling : A Project Manager`s Perspective Version 1.0 _cby Mission 10 X Path Finder |
|
| 260 |
_bExecution excellence group, talent Transformation, Wipro Technologies _aBangalore _c2006 |
||
| 300 | _a43 | ||
| 650 | _aManagement | ||
| 942 | _cBK | ||
| 999 |
_c9648 _d9648 |
||